Alabama Counties by Population - Statistics

General Stats
  • This quiz has been taken 33 times
  • The average score is 46 of 67
Answer Stats
Population County % Correct
667,820 Jefferson
100%
239,294 Baldwin
94%
395,211 Madison
94%
413,073 Mobile
94%
227,434 Montgomery
94%
226,902 Shelby
94%
227,007 Tuscaloosa
94%
103,162 Etowah
88%
177,218 Lee
88%
107,517 Limestone
88%
115,972 Calhoun
81%
107,458 Houston
81%
123,668 Morgan
81%
89,496 Cullman
75%
89,304 Elmore
75%
7,629 Greene
75%
59,095 Autauga
69%
59,041 Blount
69%
54,174 Coffee
69%
57,474 Colbert
69%
11,328 Conecuh
69%
37,619 Dallas
69%
71,813 DeKalb
69%
14,754 Hale
69%
52,773 Jackson
69%
94,043 Lauderdale
69%
18,895 Macon
69%
98,228 Marshall
69%
8,355 Perry
69%
58,722 Russell
69%
12,164 Sumter
69%
81,524 Talladega
69%
64,818 Walker
69%
22,477 Bibb
63%
10,320 Bullock
63%
24,996 Cherokee
63%
45,274 Chilton
63%
14,190 Clay
63%
15,103 Cleburne
63%
10,450 Coosa
63%
37,524 Covington
63%
13,083 Crenshaw
63%
49,342 Dale
63%
36,699 Escambia
63%
16,148 Fayette
63%
32,013 Franklin
63%
26,701 Geneva
63%
13,689 Lamar
63%
33,090 Lawrence
63%
9,965 Lowndes
63%
92,748 St. Clair
63%
15,147 Washington
63%
10,446 Wilcox
63%
23,652 Winston
63%
24,964 Barbour
56%
34,541 Chambers
56%
12,533 Choctaw
56%
22,760 Clarke
56%
17,459 Henry
56%
18,996 Marengo
56%
19,648 Monroe
56%
18,801 Pickens
56%
32,991 Pike
56%
21,989 Randolph
56%
41,023 Tallapoosa
56%
18,884 Butler
50%
29,246 Marion
50%
No matching quizzes found
Score Distribution
Percent of People with Each Score
Percentile by Number Answered
Your Score History
You have not taken this quiz